Black beauty (Record no. 37662)

MARC details
000 -LEADER
fixed length control field 00670nam a2200241 i 4500
001 - CONTROL NUMBER
control field C2-0126851
003 - CONTROL NUMBER IDENTIFIER
control field PPAK
005 - DATE AND TIME OF LATEST TRANSACTION
control field 20180727115807.0
008 - FIXED-LENGTH DATA ELEMENTS--GENERAL INFORMATION
fixed length control field 970916s enk |||| ||||| | eng d
020 ## - INTERNATIONAL STANDARD BOOK NUMBER
International Standard Book Number 0710500750
040 ## - CATALOGING SOURCE
Original cataloging agency PPAK
Language of cataloging eng
Transcribing agency PPAK
Description conventions rda
082 04 - DEWEY DECIMAL CLASSIFICATION NUMBER
Classification number 823
Edition number 23
090 00 - LOCALLY ASSIGNED LC-TYPE CALL NUMBER (OCLC); LOCAL CALL NUMBER (RLIN)
Classification number (OCLC) (R) ; Classification number, CALL (RLIN) (NR) 823
Feature heading SEW
Feature heading K
100 1# - MAIN ENTRY--PERSONAL NAME
Personal name Sewell, Anna,
Relator term author
245 10 - TITLE STATEMENT
Title Black beauty
264 #1 - PRODUCTION, PUBLICATION, DISTRIBUTION, MANUFACTURE, AND COPYRIGHT NOTICE
Place of production, publication, distribution, manufacture Bridlington, United Kingdom :
Name of producer, publisher, distributor, manufacturer Priory Books ,
Date of production, publication, distribution, manufacture, or copyright notice [date of publication not identified]
300 ## - PHYSICAL DESCRIPTION
Extent 174 pages ;
Dimensions 13 cm
336 ## - CONTENT TYPE
Source rdacontent
Content type term text
337 ## - MEDIA TYPE
Source rdamedia
Media type term unmediated
338 ## - CARRIER TYPE
Source rdacarrier
Carrier type term volume
650 10 - SUBJECT ADDED ENTRY--TOPICAL TERM
Topical term or geographic name entry element Children's stories, English
942 ## - ADDED ENTRY ELEMENTS (KOHA)
-- dc
Koha item type Book
Holdings
Withdrawn Not for loan Current library Shelving location Date acquired Total Checkouts Full call number Barcode Date last seen Koha item type Date last checked out
    Perpustakaan Langkawi Pinjaman Kanak-kanak 06/11/2004 1 K 823 SEW A00345647 24/08/2020 Book 04/08/2020
    PD31, Kg. Gelam, Bedong Pinjaman Kanak-kanak 23/12/2003   K 823 SEW A00834485 08/05/2018 Book  
    PD33, Kg. Belau, Merbok Pinjaman Kanak-kanak 23/12/2003   K 823 SEW A00834484 08/05/2018 Book